Score 0/20 Timer 04:00
0 Plays Today
Phrase Missing Word % Correct
The ____ Guide to the GalaxyHitchhiker's
95.7%
The answer to the ultimate question of life, the universe, and everything is ____42
84.6%
So Long, and Thanks for All the ____Fish
83%
The ____ at the End of the UniverseRestaurant
79.1%
Douglas ____Adams
76%
Arthur ____Dent
74.3%
Ford ____Prefect
70.2%
Marvin the ____ AndroidParanoid
64.4%
Zaphod ____Beeblebrox
64.2%
Don't ____Panic
63.1%
Phrase Missing Word % Correct
____ of GoldHeart
61.9%
Mostly ____Harmless
60.1%
Deep ____Thought
60.1%
____ McMillanTricia
51.7%
____ FishBabel
51.6%
We apologise for the ____inconvenience
51.4%
Infinite ____ DriveImprobability
50.8%
Prostetnic ____ JeltzVogon
35.7%
InfiniDim ____Enterprises
16.3%
____ BetaStavromula
12.2%

Today's Daily Dose

Missing Word
I Hardly Know Her!

Word Ladder
Sentence Ending

Quick Pick
Female Firsts

Get the Picture
Triathlon Sports

Remove Ads.
Support Sporcle.
Get the best of Sporcle when you Go Orange. This ad-free experience offers more features, more stats, and more fun while also helping to support Sporcle. Thank you for becoming a member.

You're not logged in!

Compare scores with friends on all Sporcle quizzes.
OR
Log In

Show Comments

Extras

Top Quizzes Today


Score Distribution

Your Account Isn't Verified!

In order to create a playlist on Sporcle, you need to verify the email address you used during registration. Go to your Sporcle Settings to finish the process.

Report this User

Report this user for behavior that violates our Community Guidelines.

Details: